Who is THIS celebrity? - Statistics

General Stats
  • This quiz has been taken 330 times
  • The average score is 9 of 15
Answer Stats
Picture Answer % Correct
Taylor Swift
98%
Selena Gomez
95%
Adele
92%
Nicki Minaj
88%
Serena Williams
82%
Pitbull
73%
Meghan Markle
71%
Lionel Messi
70%
Justin Timberlake
68%
Mila Kunis
65%
Melissa McCarthy
43%
Emily Blunt
42%
Tom Hardy
32%
Ryan Renolds
20%
Kyle Jenner
7%
No matching quizzes found
Score Distribution
Percent of People with Each Score
Percentile by Number Answered
Your Score History
You have not taken this quiz